[Event "World op 42nd"]
[Site "Arlington"]
[Date "2014.07.05"]
[Round "7"]
[White "Denton, Bradley"]
[Black "Molner, Mackenzie"]
[Result "1/2-1/2"]
[WhiteElo "2319"]
[BlackElo "2504"]
[PlyCount "58"]
[EventDate "2014.07.02"]
[EventType "swiss"]
[EventRounds "9"]
[EventCountry "USA"]
[SourceTitle "CBM 161 Extra"]
[Source "ChessBase"]
[SourceDate "2014.08.29"]
[SourceVersion "1"]
[SourceVersionDate "2014.08.29"]
[SourceQuality "1"]

1. d4 Nf6 2. c4 g6 3. Nc3 d5 4. cxd5 Nxd5 5. e4 Nxc3 6. bxc3 Bg7 7. Be3 c5 8. Rc1 Qa5 9. Qd2 cxd4 10. cxd4 Qxd2+ 11. Bxd2 0-0 12. Nf3 e6 13. Bb5 Nc6 14. Bxc6 bxc6 15. Ne5 Bb7 16. f3 Rfd8 17. Be3 Rac8 18. Nd3 Bxd4 19. Bxd4 Rxd4 20. Nc5 Rc7 21. Ke2 e5 22. Rhd1 Rb4 23. Rb1 Rb5 24. Rd7 Rxd7 25. Rxb5 cxb5 26. Nxd7 b4 27. Nxe5 f6 28. Nd3 a5 29. Nc5 Bc6 1/2-1/2

[Event "World op 42nd"]
[Site "Arlington"]
[Date "2014.07.02"]
[Round "1"]
[White "Denton, Bradley"]
[Black "Shimanov, Aleksandr"]
[Result "1/2-1/2"]
[WhiteElo "2319"]
[BlackElo "2644"]
[PlyCount "116"]
[EventDate "2014.07.02"]
[EventType "swiss"]
[EventRounds "9"]
[EventCountry "USA"]
[SourceTitle "CBM 161 Extra"]
[Source "ChessBase"]
[SourceDate "2014.08.29"]
[SourceVersion "1"]
[SourceVersionDate "2014.08.29"]
[SourceQuality "1"]

1. d4 Nf6 2. c4 g6 3. Nc3 Bg7 4. e4 0-0 5. Nf3 d6 6. Be2 Nbd7 7. 0-0 e5 8. Be3 Re8 9. d5 Nh5 10. g3 Bf8 11. Ne1 Ng7 12. Nd3 f5 13. f3 Be7 14. Qd2 Rf8 15. f4 exf4 16. Bxf4 fxe4 17. Nxe4 Nf6 18. Ndf2 Nf5 19. g4 Ng7 20. Bh6 Bd7 21. Qc3 Nfe8 22. Nh3 c6 23. Nhg5 cxd5 24. cxd5 Nf6 25. Bxg7 Kxg7 26. Ne6+ Bxe6 27. dxe6 Qb6+ 28. Kh1 Rac8 29. Qd3 Qxb2 30. Rab1 Qe5 31. Rxb7 Nxe4 32. Rxe7+ Kg8 33. Ref7 Qxe6 34. Rxf8+ Rxf8 35. Rxf8+ Kxf8 36. Kg2 Qe5 37. Qe3 a5 38. Bf3 Nc5 39. Qd2 a4 40. h3 a3 41. Qa5 Qb2+ 42. Kg3 Ne6 43. g5 Qc1 44. Qa8+ Ke7 45. Qa7+ Nc7 46. h4 Qc3 47. Qb8 Ne6 48. Qa7+ Nc7 49. Qb8 Kf7 50. Qd8 Qe5+ 51. Kg2 Qe7 52. Qh8 Ke6 53. Qd4 d5 54. Bg4+ Kf7 55. Qh8 Ne8 56. h5 Qe4+ 57. Bf3 Qc2+ 58. Kg3 Qc7+ 1/2-1/2

[Event "Continental Class-ch"]
[Site "Arlington"]
[Date "2011.10.08"]
[Round "4"]
[White "Denton, Bradley"]
[Black "Colas, Joshua"]
[Result "1-0"]
[WhiteElo "2304"]
[BlackElo "2025"]
[PlyCount "65"]
[EventDate "2011.10.06"]
[EventType "swiss"]
[EventRounds "9"]
[EventCountry "USA"]
[SourceTitle "CBM 144 Extra"]
[Source "ChessBase"]
[SourceDate "2011.10.28"]
[SourceVersion "1"]
[SourceVersionDate "2011.10.28"]
[SourceQuality "1"]

1. d4 d5 2. c4 c6 3. Nf3 Nf6 4. Nc3 e6 5. Bg5 h6 6. Bh4 dxc4 7. e4 g5 8. Bg3 b5 9. Be2 b4 10. Na4 Nxe4 11. Be5 Nf6 12. Nc5 Bg7 13. Bxc4 0-0 14. Qc2 Re8 15. h4 g4 16. Ng5 Nbd7 17. Nxf7 Kxf7 18. Nxe6 Rxe6 19. Bxe6+ Kxe6 20. Qxc6+ Kf5 21. Qxa8 Nxe5 22. dxe5 Ne4 23. 0-0 Nd2 24. Rfc1 g3 25. Qxc8+ Qxc8 26. Rxc8 gxf2+ 27. Kxf2 Bxe5 28. Rd1 Ne4+ 29. Kf3 Nf6 30. Rc5 Ke6 31. Re1 Nd7 32. Rcxe5+ Nxe5+ 33. Kf4 1-0

[Event "Internet Section 06A g/8'+2\""]
[Site "Dos Hermanas"]
[Date "2004.03.06"]
[Round "6"]
[White "Denton, Bradley"]
[Black "Karjakin, Sergey"]
[Result "1/2-1/2"]
[WhiteElo "2510"]
[BlackElo "2562"]
[PlyCount "135"]
[EventDate "2004.03.06"]
[EventType "swiss (blitz)"]
[EventRounds "9"]
[EventCountry "ESP"]
[SourceTitle "CBM 099 Extra"]
[Source "ChessBase"]
[SourceDate "2004.05.04"]
[SourceVersion "1"]
[SourceVersionDate "2004.05.04"]
[SourceQuality "1"]

1. e4 c5 2. c3 d5 3. exd5 Qxd5 4. d4 Nf6 5. Nf3 Bg4 6. Qa4+ Bd7 7. Qb3 cxd4 8. Nxd4 Nc6 9. Be3 Nxd4 10. Bxd4 Bc6 11. Nd2 Qxb3 12. axb3 a6 13. b4 0-0-0 14. Nc4 e6 15. Ne5 Be8 16. b5 Bd6 17. bxa6 bxa6 18. Bxa6+ Kc7 19. 0-0 Nd5 20. Nc4 Bc6 21. Ne5 Be8 22. Be2 f6 23. Nc4 Kb8 24. Bf3 Bc7 25. Ne3 Bc6 26. Nxd5 Bxd5 27. Bxd5 Rxd5 28. Ra6 e5 29. Be3 Rhd8 30. g3 Kb7 31. Ra7+ Kb8 32. Kg2 Rd1 33. Rxd1 Rxd1 34. Ra4 f5 35. Kf3 h6 36. h4 Rb1 37. Rb4+ Kc8 38. Bc5 g5 39. hxg5 hxg5 40. Be7 g4+ 41. Ke2 f4 42. Bg5 Bd6 43. Rc4+ Kd7 44. gxf4 Rxb2+ 45. Ke1 Ke6 46. fxe5 Bxe5 47. Bd2 g3 48. fxg3 Bxg3+ 49. Kd1 Be5 50. Kc1 Rb7 51. Kc2 Rc7 52. Re4 Kd5 53. Ra4 Rb7 54. Kd3 Bc7 55. Rh4 Be5 56. Rh5 Ke6 57. Be3 Rb3 58. Rh6+ Kd7 59. Bd2 Ra3 60. Kc4 Kc7 61. Re6 Bd6 62. Bh6 Ra4+ 63. Kb5 Ra1 64. Bg7 Rg1 65. Bd4 Rg5+ 66. Kc4 Ra5 67. Rg6 Rh5 68. Re6 1/2-1/2

[Event "Internet Section 06A g/8'+2\""]
[Site "Dos Hermanas"]
[Date "2004.03.06"]
[Round "2"]
[White "Denton, Bradley"]
[Black "Sardo, Carmine"]
[Result "1-0"]
[WhiteElo "2493"]
[BlackElo "1980"]
[PlyCount "47"]
[EventDate "2004.03.06"]
[EventType "swiss (blitz)"]
[EventRounds "9"]
[EventCountry "ESP"]
[SourceTitle "CBM 099 Extra"]
[Source "ChessBase"]
[SourceDate "2004.05.04"]
[SourceVersion "1"]
[SourceVersionDate "2004.05.04"]
[SourceQuality "1"]

1. e4 c5 2. c3 d5 3. exd5 Qxd5 4. d4 e6 5. Nf3 cxd4 6. Qxd4 Nf6 7. Bc4 Qxd4 8. Nxd4 Be7 9. Nb5 Na6 10. Be3 b6 11. a4 Bb7 12. a5 0-0 13. 0-0 Nc5 14. Nd2 Ng4 15. Bf4 a6 16. Nc7 Rac8 17. axb6 e5 18. Bg3 Bd6 19. Nxa6 Nxa6 20. Bxa6 Bxa6 21. Rxa6 Rb8 22. Ne4 Be7 23. h3 Nh6 24. Bxe5 1-0

[Event "Georgia Peach op"]
[Site "Atlanta"]
[Date "2003.07.27"]
[Round "4"]
[White "Denton, Bradley"]
[Black "Campbell, Tom"]
[Result "1-0"]
[WhiteElo "1988"]
[BlackElo "1885"]
[PlyCount "89"]
[EventDate "2003.07.??"]
[EventType "swiss"]
[EventRounds "5"]
[EventCountry "USA"]
[SourceTitle "EXT 2005"]
[Source "ChessBase"]
[SourceDate "2004.11.15"]
[SourceVersion "1"]
[SourceVersionDate "2004.11.15"]
[SourceQuality "1"]

1. e4 c5 2. c3 e5 3. Nf3 Nc6 4. Bc4 Be7 5. 0-0 Nf6 6. Re1 0-0 7. d4 d6 8. h3 a6 9. a4 Rb8 10. Na3 Qc7 11. Bf1 Rd8 12. d5 Na7 13. b4 Rf8 14. Bd2 b6 15. b5 a5 16. Nc4 Bd7 17. Kh2 h6 18. g3 Nh7 19. g4 Rbe8 20. Bd3 Nc8 21. Rg1 Qd8 22. Qc1 g5 23. Ne3 f6 24. Nf5 Bxf5 25. gxf5 Kf7 26. Be2 Rh8 27. Ne1 Reg8 28. Bh5+ Kf8 29. Ng2 Qd7 30. Nh4 Kg7 31. Ng6 Nf8 32. Nxh8 Rxh8 33. c4 Bd8 34. Ra3 Nh7 35. Qd1 Kf8 36. Kg2 Qg7 37. Kf1 Ke7 38. h4 Kd7 39. Rh3 Ne7 40. hxg5 hxg5 41. Rgh1 Kc7 42. Bg6 Nxg6 43. fxg6 Qxg6 44. Qg4 Be7 45. Qf5 1-0

[Event "Georgia Peach op"]
[Site "Atlanta"]
[Date "2003.07.26"]
[Round "1"]
[White "Gulamali, Kazim"]
[Black "Denton, Bradley"]
[Result "1-0"]
[WhiteElo "2109"]
[BlackElo "1988"]
[PlyCount "65"]
[EventDate "2003.07.??"]
[EventType "swiss"]
[EventRounds "5"]
[EventCountry "USA"]
[SourceTitle "EXT 2005"]
[Source "ChessBase"]
[SourceDate "2004.11.15"]
[SourceVersion "1"]
[SourceVersionDate "2004.11.15"]
[SourceQuality "1"]

1. e4 e5 2. Bc4 Nc6 3. d3 Bc5 4. Nf3 d6 5. c3 Qe7 6. h3 h6 7. 0-0 Nf6 8. a4 a5 9. Re1 0-0 10. d4 Bb6 11. Be3 Rd8 12. Nbd2 Ba7 13. Nf1 Kh7 14. Ng3 g6 15. Qd2 Ng8 16. Rf1 Bd7 17. Nh2 g5 18. Ng4 f6 19. Nh5 Bxg4 20. hxg4 Rf8 21. Bxg8+ Rxg8 22. d5 Nb8 23. Bxa7 Rxa7 24. Qe3 Ra8 25. Qh3 Nd7 26. Ng3 Nb6 27. Nf5 Qf8 28. Kh2 Nc8 29. g3 Ne7 30. Ne3 Rh8 31. f4 Qg7 32. Rf2 b6 33. Raf1 1-0